| 000 | 00681nam a22002171a 4500 | ||
|---|---|---|---|
| 001 | 34293 | ||
| 003 | BD-RjUL | ||
| 005 | 20211209052133.0 | ||
| 008 | 140515s1980 ii 000 0 eng d | ||
| 035 | _a(BD-RjUL)34387 | ||
| 040 |
_aBD-RjUL _beng _cBD-RjUL _dBD-RjUL |
||
| 041 | _aeng | ||
| 082 | 0 | 0 |
_a309.15414 _bSAV 1980 |
| 100 | 1 |
_aSanyal, Rajat. _9104261 |
|
| 245 | 1 | 0 |
_aVoluntary associations and the urban public life in Bengal, 1815-1876 : _ban aspect of social history / _cRajat Sanyal |
| 260 |
_aCalcutta : _bRiddhi-India, _c1980 |
||
| 300 |
_avi, 302 p. ; _c22 cm |
||
| 651 | 0 |
_aBengal (India) _xSocial conditions _969555 |
|
| 942 |
_2ddc _cBK |
||
| 999 |
_c34293 _d34293 |
||